| 000 | 00489nam a22001575i 4500 | ||
|---|---|---|---|
| 001 | 48518 | ||
| 003 | ES-MaACL | ||
| 007 | t| | ||
| 008 | 950725s1860 fr ||||1| fre d | ||
| 040 |
_aCAM _bspa _cCAM |
||
| 100 | 1 |
_aDeloche, Maximin. _943557 |
|
| 245 | 1 | 0 |
_aDu principe des nacionalités / _cpar Maximin Deloche... |
| 260 |
_aParis : _bLibrairie de Guillaumin et Cie., _c1860 ( _eSaint-Denis : _ftypographie de A. Moulin) |
||
| 300 |
_a171 p. ; _c24 cm. |
||
| 852 |
_aES-MaACL _jT-184-F-3 |
||
| 999 |
_c48518 _d48518 |
||